00489 2200181 4500001002100000005001500021008004100036020001800077035001900095041000700114082001100121090001700132100001100149245004300160260004100203300003700244650002600281INLIS00000000001956020241224115725241224||||||||| | ||| |||| || |  a602-99882-5-5 0010-1224019560 aid0 a639.31 a639.31 ALE a0 aAlex S00aAneka Lele di Aneka Media Pemeliharaan aYogyakartabPustaka Baru Pressc2011 a19,5x14 cm, viii, 172 cm, ilus.: 0aBudidaya -- Perikanan